000 00298nam a22001457a 4500
008 210511b ||||| |||| 00| 0 eng d
020 _a9780679600091
041 _aeng
080 _a101
082 _a101
100 _a24
101 _aFIL
245 _aPlutarch
_cClough,A.H
942 _2udc
_cBK
999 _c57206
_d57206